Movies Quiz

Random Movies or James Bond Quiz

Click the James Bond Actor Quiz Stats

 Plays Quiz Updated Jun 4, 2017

Support Sporcle.
Go Orange.
Score 0/6 Timer 00:30
2 Plays Today
% Correct
Sean Connery
95.5%
Daniel Craig
95.4%
Pierce Brosnan
94.2%
Roger Moore
90.3%
George Lazenby
90.2%
Timothy Dalton
88.9%

From the Vault

This Day in History: January

by History_Lover

History 7m
January: The month where we constantly forget which year it is.
Remove Ads.
Support Sporcle.
Get the best of Sporcle when you Go Orange. This ad-free experience offers more features, more stats, and more fun while also helping to support Sporcle. Thank you for becoming a member.

Show Comments

Extras

Top Quizzes Today


Score Distribution

Your Account Isn't Verified!

In order to create a playlist on Sporcle, you need to verify the email address you used during registration. Go to your Sporcle Settings to finish the process.

Report this User

Report this user for behavior that violates our Community Guidelines.

Details: